Business : (Record no. 9159)
[ view plain ]
| 000 -LEADER | |
|---|---|
| fixed length control field | 00776cam a2200229 i 4500 |
| 001 - CONTROL NUMBER | |
| control field | 18293808 |
| 005 - DATE AND TIME OF LATEST TRANSACTION | |
| control field | 20260325162204.0 |
| 008 - FIXED-LENGTH DATA ELEMENTS--GENERAL INFORMATION | |
| fixed length control field | 140908s2016 nyua b 001 0 eng |
| 020 ## - INTERNATIONAL STANDARD BOOK NUMBER | |
| International Standard Book Number | 9781259179396 |
| Qualifying information | alk. paper |
| 050 00 - LIBRARY OF CONGRESS CALL NUMBER | |
| Classification number | HF1008 |
| Item number | .F47 2016 |
| 082 00 - DEWEY DECIMAL CLASSIFICATION NUMBER | |
| Classification number | 650 |
| Edition information | 23 |
| 100 1# - MAIN ENTRY--PERSONAL NAME | |
| Personal name | Ferrell, O. C. |
| 245 10 - TITLE STATEMENT | |
| Title | Business : |
| Remainder of title | a changing world / |
| Statement of responsibility, etc. | O.C. Ferrell, University of New Mexico, Geoffrey A. Hirt, DePaul University, Linda Ferrell, University of New Mexico. |
| 250 ## - EDITION STATEMENT | |
| Edition statement | Tenth edition. |
| 260 ## - PUBLICATION, DISTRIBUTION, ETC. | |
| Place of publication, distribution, etc. | New York |
| Name of publisher, distributor, etc. | McGraw Hill Education |
| Date of publication, distribution, etc. | 2016 |
| 300 ## - PHYSICAL DESCRIPTION | |
| Extent | xxxvi, 600 pages : |
| Other physical details | color illustrations ; |
| Dimensions | 25 cm |
| 650 #0 - SUBJECT ADDED ENTRY--TOPICAL TERM | |
| Topical term or geographic name entry element | Business. |
| 650 #0 - SUBJECT ADDED ENTRY--TOPICAL TERM | |
| Topical term or geographic name entry element | Management |
| Geographic subdivision | United States. |
| 700 1# - ADDED ENTRY--PERSONAL NAME | |
| Personal name | Hirt, Geoffrey A. |
| 700 1# - ADDED ENTRY--PERSONAL NAME | |
| Personal name | Ferrell, Linda. |
| 942 ## - ADDED ENTRY ELEMENTS (KOHA) | |
| Source of classification or shelving scheme | Library of Congress Classification |
| Koha item type | Books |
| Edition | 10th ed. |
| Suppress in OPAC | No |
| 999 ## - | |
| -- | 9159 |
| -- | 9159 |
| Withdrawn status | Lost status | Source of classification or shelving scheme | Damaged status | Not for loan | Collection | Home library | Current library | Shelving location | Date acquired | Total checkouts | Full call number | Barcode | Date last seen | Copy number | Price effective from | Koha item type |
|---|---|---|---|---|---|---|---|---|---|---|---|---|---|---|---|---|
| Library of Congress Classification | Non-fiction | Business Library (Miotso) | Business Library (Miotso) | General stacks | 03/25/2026 | HF1008 .F47 2016 | BSSM00003022 | 03/25/2026 | 1 | 03/25/2026 | Books | |||||
| Library of Congress Classification | Non-fiction | Business Library (Miotso) | Business Library (Miotso) | General stacks | 03/25/2026 | HF1008 .F47 2016 | BSSM00003023 | 03/25/2026 | 2 | 03/25/2026 | Books | |||||
| Library of Congress Classification | Non-fiction | Business Library (Miotso) | Business Library (Miotso) | General stacks | 03/25/2026 | HF1008 .F47 2016 | BSSM00003024 | 03/25/2026 | 3 | 03/25/2026 | Books |